Statistics for Biggest Countries of Europe

Click here to take the quiz!

General Stats

  • This quiz has been taken 246 times
    (195 since last reset)
  • The average score is 19 of 20

Answer Stats

Area (km2)Country% Correct
3,960,000Russia
100%
643,427France
99%
505,370Spain
99%
243,610United Kingdom
99%
357,022Germany
98%
301,340Italy
98%
323,802Norway
98%
450,295Sweden
98%
338,145Finland
97%
312,685Poland
97%
238,391Romania
97%
603,550Ukraine
97%
83,871Austria
94%
131,957Greece
94%
92,090Portugal
94%
93,028Hungary
91%
110,879Bulgaria
90%
207,600Belarus
88%
88,361Serbia
88%
103,000Iceland
70%

Score Distribution

Percentile by Number Answered

Percent of People with Each Score

Your Score History

You have not taken this quiz since the last reset